000 02043nam a2200337 a 4500
001 vtls001372778
003 NLI
005 20210627110609.0
008 120628s1908 ce 000 0 eng
039 9 _y201206281827
_zVLOAD
040 _aNLI
_beng
_cDatasoft_IMP
_eAACR2
041 0 _aeng
044 _a ce
084 _a178
100 1 _aGogerly, Daniel John,
_d1792-1862
_9957949
245 1 0 _aCeylon Buddhism :
_bbeing the collected writings of Daniel John Gogerly /
_cedited by Arthur Stanley Bishop
260 _aColombo :
_bWesleyan Methodist,
_c1908
300 _a2 v. :
_bfronts ;
_c25 cm.
500 _aPaged continuously
505 0 _aVol.1 Editor's preface. An introductory sketc.h of Buddhism. An outline of Buddhism. The Books of discipline. The laws of the priesthood. The Patimokkha. - v. 2 Forewords. Biographical note. On transmigration. Dhammapada. The power of truth. The virtue of alms-giving. Pirit. Brahmajaia sutta. The discourse respecting Ratthapais. Culla kamma vibbanga sutta. Patta kamman. A discourse to some inhabitants of Veranja. Maha dhamma Samadana sutta. Sigalo vada. Selections from the Jatakas. Maha satipotihanana sutta. Appendix
650 0 _aBuddha and Buddhism
_9698625
650 0 _aBuddha and Buddhism
_zSri Lanka
_9956377
700 1 _aBishop, Arthur Stanley,
_db.1879,
_4edt
_9957950
740 0 2 _aEditor's preface. An introductory sketch of Buddhism. An outline of Buddhism. The Books of discipline. The laws of the priesthood. The Patimokkha.
740 0 2 _aForewords. Biographical note. On transmigration. Dhammapada. The power of truth. The virtue of alms-giving. Pirit. Brahmajaia sutta. The discourse respecting Ratthapais. Culla kamma vibbanga sutta. Patta kamman. A discourse to some inhabitants of Veranja. Maha dhamma Samadana sutta. Sigalo vada. Selections from the Jatakas. Maha satipotihanana sutta. Appendix
887 _a
901 _aIMP137136 :
_b17.10.2011
_9v.1
901 _aIMP137137 :
_b17.10.2011
_9v.2
902 _a178 D 1621
999 _aVIRTUA40
_c841069
_d841069
942 _2ddc
_cBKS